000 00899nam a2200265 c 4500
003 BLK
005 20180422115951.0
008 180411b bul|||||r ||||||| ||bul||
010 _aKNG00203412000
040 _aBLK
041 _aBUL
_cBUL
080 _aБългарска литература
_b821.163.2
_x-31
_z821.163.2-31
100 1 _aКинов, Васил Дулев
_eпърви автор
_9377036
139 _aКинов, Васил Дулев
_bК 54
245 1 0 _aИзкушенията на един плейбой
_bРоман
_cВасил Дулев Кинов.
257 _aBGR
260 София
_bПейо К. Яворов
_c1991
300 _a79 с.
_c20 см
380 _aX
852 _aЦб 167383
856 4 _qpdf
_u
856 4 _qpdf
_u
942 _cKNG
_n0
944 _aCR
_c17.03.2017
_kНаталия_Любомирова
944 _aED
_c17.03.2017
_kНаталия_Любомирова
999 _c194188
_d194188